000 00901nam a2200217 a 4500
001 BRCA_2237
005 20190320203726.0
008 891026s1988 mx-a---###---l000-0#spa-#
020 _a9687009160
040 _aDLC
_cDLC
_dDLC
050 4 _aF1391.G8
_b.G83 1988
245 1 0 _aGuadalajara
_bla perla del occidente de México
_ctextos José Luis Martínez, Guillermo García Oropeza ; fotografías Ignacio Urquiza.
260 _aMéxico
_bAyuntamiento de Guadalajara : Dirección Regional Guadalajara : Fomento Cultural Banamex
_c1988
300 _a141 p., [102] p. de láminas
_bil. a color
_c31 cm.
651 4 _aGuadalajara
_xDescripción y viajes.
_zJalisco (México)
_96722
651 4 _aGuadalajara
_xTrabajos ilustrados.
_zJalisco (México)
_96723
700 1 _aMartínez, José Luis
_d1918-
_96724
700 1 _aGarcía Oropeza, Guillermo
_95665
700 1 _aUrquiza, Ignacio
_96725
942 _2lcc
_cB
999 _c1988
_d1988